Lyrics In 'Cursed Woody Sings A Song' - Statistics

General Stats
  • This quiz has been taken 12 times
    10 since last reset
  • The average score is 175 of 493
Answer Stats
Hint Answer % Correct
2 | 109 i
100%
88 I
100%
26 | 41 | 55 | +2 others a
78%
159 bo
78%
131 Buzz
78%
buzz
78%
123 Calm
78%
calm
78%
do
78%
124 down
78%
128 friends
78%
132 ill
78%
133 | 147 kill
78%
129 | 142 shut
78%
94 | 130 | 143 up
78%
139 | 151 we
78%
32 | 43 | 163 where
78%
106 | 160 | 162 woody
78%
125 Woody
78%
35 | 97 | 100 | +5 others you
78%
your
78%
am
67%
141 amends
67%
6 | 15 | 18 | +5 others and
67%
29 be
67%
166 been
67%
104 | 137 but
67%
138 can
67%
121 | 146 gonna
67%
164 have
67%
114 | 145 | 170 im
67%
it
67%
140 make
67%
no
67%
144 slink
67%
so
67%
135 sorry
67%
154 | 157 this
67%
158 time
67%
126 we're
67%
were
67%
150 can't
56%
cant
56%
152 just
56%
171 killing
56%
156 not
56%
161 oh
56%
155 out
56%
136 pal
56%
173 slow
56%
153 talk
56%
10 | 38 to
56%
3 | 8 | 33 | 44 was
56%
34 andy
44%
169 Andy
44%
1 if
44%
4 lost
44%
66 | 90 the
44%
0 What
44%
54 what
44%
149 why
44%
119 | 127 you're
44%
youre
44%
are
33%
116 for
33%
71 he
33%
168 late
33%
14 | 17 | 20 | +6 others me
33%
167 Too
33%
5 forever
22%
11 keep
22%
sid
22%
9 sid's
22%
68 sids
22%
120 all
11%
64 alone
11%
74 apart
11%
at
11%
beat
11%
62 bit
11%
63 crazy
11%
67 dark
11%
39 die
11%
51 etch-a-sketch
11%
59 gone
11%
47 Head
11%
40 | 65 in
11%
45 Mr
11%
105 now
11%
on
11%
46 Potato
11%
pretty
11%
72 pulls
11%
50 rex
11%
16 stitch
11%
that
11%
then
11%
toy
11%
toys
11%
56 witch
11%
would
11%
78 again
0%
31 angry
0%
anytime
0%
as
0%
103 astray
0%
bedroom
0%
bits
0%
53 bo-peep
0%
boy
0%
98 bumbling
0%
buzzes
0%
chance
0%
clip
0%
come
0%
115 coming
0%
conjecture
0%
corrupted
0%
86 cowboy
0%
crack
0%
crash
0%
day
0%
91 days
0%
decapitate
0%
desensitize
0%
deserve
0%
dinasour
0%
42 ditch
0%
dolly-the-ducky
0%
door
0%
30 downright
0%
evil
0%
existed
0%
face
0%
69 favorite
0%
fester
0%
floor
0%
forgot
0%
forsaken
0%
87 Frankenstien
0%
27 freak
0%
frightend
0%
110 got
0%
guess
0%
ham
0%
hannibal
0%
has
0%
12 hed
0%
hobby
0%
horrendous
0%
house
0%
28 id
0%
25 into
0%
inventor
0%
107 is
0%
isnt
0%
its
0%
58 ive
0%
7 i was
0%
21 kick
0%
knife
0%
know
0%
knows
0%
lambs
0%
learned
0%
leave
0%
lecter
0%
36 | 101 left
0%
lenny
0%
82 like
0%
61 little
0%
108 loose
0%
mind
0%
mine
0%
molly
0%
84 monsterius
0%
much
0%
must
0%
my
0%
next
0%
of
0%
111 one
0%
only
0%
over
0%
pain
0%
parachutes
0%
122 pay
0%
place
0%
96 play
0%
70 plaything
0%
poor
0%
19 prod
0%
protecter
0%
punishment
0%
75 puts
0%
rc
0%
reach
0%
89 | 174 remember
0%
repair
0%
right
0%
robbed
0%
rocky
0%
rot
0%
said
0%
say
0%
scared
0%
score
0%
screaming
0%
see
0%
shake
0%
she
0%
85 sheriff
0%
sherrif
0%
shine
0%
sky
0%
slaughter
0%
48 Slinky
0%
smash
0%
snip
0%
80 some
0%
93 stay
0%
stettle
0%
stick
0%
store
0%
strewn
0%
subjected
0%
sure
0%
take
0%
taken
0%
there
0%
112 thing
0%
57 think
0%
77 together
0%
torture
0%
113 to say
0%
99 traitors
0%
23 turn
0%
81 twine
0%
13 twist
0%
under
0%
unworthy
0%
used
0%
92 we'd
0%
westerns
0%
whole
0%
wings
0%
79 with
0%
No matching quizzes found
Score Distribution
Percent of People with Each Score
Percentile by Number Answered
Your Score History
You have not taken this quiz since the last reset